[Event "Titled Tuesday intern op 23rd Mar"]
[Site "Chess.com INT"]
[Date "2021.03.23"]
[Round "2"]
[White "Mekanova, Annagozel"]
[Black "Pashinsky, Mikhail"]
[Result "0-1"]
[WhiteElo "1828"]
[BlackElo "2245"]
[PlyCount "62"]
[EventDate "2021.03.23"]
[EventType "swiss (blitz)"]
[EventRounds "11"]
[EventCountry "USA"]
[SourceTitle "CBM 201 Extra"]
[Source "ChessBase"]
[SourceDate "2021.05.31"]
[SourceVersion "1"]
[SourceVersionDate "2021.05.31"]
[SourceQuality "1"]

1. e4 c5 2. Nf3 Nc6 3. d4 cxd4 4. Nxd4 e5 5. Nb3 Nf6 6. Nc3 Bb4 7. Bd3 d5 8. exd5 Nxd5 9. Bd2 Nxc3 10. bxc3 Be7 11. 0-0 0-0 12. Qh5 f5 13. Rad1 Be6 14. Be3 Qe8 15. Qxe8 Raxe8 16. a4 Rc8 17. Rfe1 a6 18. Nc5 Bxc5 19. Bxc5 Rfe8 20. Bf1 e4 21. f3 exf3 22. gxf3 Kf7 23. Kf2 Rc7 24. Bb6 Rd7 25. Rxe6 Rxd1 26. Rxe8 Kxe8 27. Bc4 Rd2+ 28. Ke3 Rxc2 29. Kd3 Rxh2 30. Bc7 Rh3 31. Bd5 Kd7 0-1

[Event "Titled Tuesday intern op 23rd Mar"]
[Site "Chess.com INT"]
[Date "2021.03.23"]
[Round "9"]
[White "Pashinsky, Mikhail"]
[Black "Dovbnia, Nikita"]
[Result "1-0"]
[WhiteElo "2245"]
[BlackElo "1917"]
[PlyCount "111"]
[EventDate "2021.03.23"]
[EventType "swiss (blitz)"]
[EventRounds "11"]
[EventCountry "USA"]
[SourceTitle "CBM 201 Extra"]
[Source "ChessBase"]
[SourceDate "2021.05.31"]
[SourceVersion "1"]
[SourceVersionDate "2021.05.31"]
[SourceQuality "1"]

1. Nc3 c5 2. e4 d6 3. d4 cxd4 4. Qxd4 Nf6 5. b3 a6 6. Bb2 Nc6 7. Qd2 e6 8. 0-0-0 Be7 9. f4 Qc7 10. Nf3 0-0 11. g4 Nxg4 12. Rg1 Nf6 13. f5 exf5 14. Nd5 Qd8 15. Nxe7+ Qxe7 16. Qg5 Ne8 17. Qxg7+ Nxg7 18. Rxg7+ Kh8 19. Rxf7+ Kg8 20. Rxe7 Nxe7 21. Bc4+ d5 22. exd5 b5 23. d6+ bxc4 24. dxe7 Re8 25. Rg1+ Kf7 26. Rg7+ Ke6 27. Ng5+ Kd7 28. Bf6 cxb3 29. axb3 Bb7 30. Nxh7 Rg8 31. Rxg8 Rxg8 32. Bg5 Rxg5 33. Nxg5 Kxe7 34. Kd2 Kf6 35. Nh3 Ke5 36. Ke3 f4+ 37. Nxf4 a5 38. h4 Kf5 39. c3 Bc6 40. b4 axb4 41. cxb4 Bb5 42. Ne2 Kg4 43. Nd4 Bc4 44. Kd2 Kxh4 45. Kc3 Bd5 46. b5 Kg5 47. Kb4 Kf6 48. Kc5 Bh1 49. Kd6 Bb7 50. Nc6 Kf5 51. Kc7 Ba8 52. Kb8 Bxc6 53. bxc6 Ke6 54. c7 Kd7 55. c8Q+ Kd6 56. Qc4 1-0

[Event "Titled Tuesday intern op 23rd Mar"]
[Site "Chess.com INT"]
[Date "2021.03.23"]
[Round "4"]
[White "Pashinsky, Mikhail"]
[Black "Eden, James"]
[Result "0-1"]
[WhiteElo "2245"]
[BlackElo "2294"]
[PlyCount "94"]
[EventDate "2021.03.23"]
[EventType "swiss (blitz)"]
[EventRounds "11"]
[EventCountry "USA"]
[SourceTitle "CBM 201 Extra"]
[Source "ChessBase"]
[SourceDate "2021.05.31"]
[SourceVersion "1"]
[SourceVersionDate "2021.05.31"]
[SourceQuality "1"]

1. Nc3 Nf6 2. e4 e5 3. Nf3 Nc6 4. d4 exd4 5. Nxd4 Bb4 6. Nxc6 bxc6 7. Bd3 d5 8. Bd2 0-0 9. 0-0 Re8 10. Nxd5 cxd5 11. Bxb4 dxe4 12. Bc4 Be6 13. Bb5 Bd7 14. Bc4 Rb8 15. Bc3 Be6 16. Qxd8 Rbxd8 17. Bb5 Bd7 18. Bc4 Bc6 19. Rad1 Nd5 20. Ba5 Nb6 21. Bb3 h6 22. Rd2 Rxd2 23. Bxd2 Rd8 24. Bf4 Nd5 25. Be5 Re8 26. Bd4 a5 27. a4 Nb6 28. Ra1 Rd8 29. Bc3 Bxa4 30. Bxa5 Bxb3 31. cxb3 Rd3 32. Bc3 Nd5 33. Rc1 f5 34. Kf1 f4 35. Ke2 g5 36. f3 Re3+ 37. Kf2 exf3 38. gxf3 Kf7 39. Bd4 Rd3 40. Bc3 Ke6 41. Re1+ Ne3 42. Re2 Kf5 43. Bd2 Nd1+ 44. Ke1 Nxb2 45. Bxf4 Rd1+ 46. Kf2 Nd3+ 47. Ke3 gxf4+ 0-1

[Event "Titled Tuesday intern op 23rd Mar"]
[Site "Chess.com INT"]
[Date "2021.03.23"]
[Round "1"]
[White "Pashinsky, Mikhail"]
[Black "Wang, Jalen"]
[Result "0-1"]
[WhiteElo "2245"]
[BlackElo "2123"]
[PlyCount "124"]
[EventDate "2021.03.23"]
[EventType "swiss (blitz)"]
[EventRounds "11"]
[EventCountry "USA"]
[SourceTitle "CBM 201 Extra"]
[Source "ChessBase"]
[SourceDate "2021.05.31"]
[SourceVersion "1"]
[SourceVersionDate "2021.05.31"]
[SourceQuality "1"]

1. Nc3 d5 2. e4 dxe4 3. Nxe4 g6 4. d4 Bg7 5. Nf3 Nf6 6. Nxf6+ Bxf6 7. Bh6 Qd6 8. c3 Bf5 9. Bd3 Nc6 10. 0-0 0-0-0 11. Re1 Kb8 12. Bxf5 gxf5 13. Qe2 Bxd4 14. Nxd4 Nxd4 15. cxd4 Qxh6 16. Qxe7 Qg6 17. Rac1 Rc8 18. g3 h5 19. d5 h4 20. d6 hxg3 21. fxg3 cxd6 22. Rxc8+ Rxc8 23. Rd1 f4 24. Qxd6+ Qxd6 25. Rxd6 fxg3 26. hxg3 Rc2 27. Rf6 Rxb2 28. Rxf7 Rxa2 29. g4 a5 30. g5 Ra4 31. Rf5 Rg4+ 32. Kf2 a4 33. Kf3 Rg1 34. Rf4 Rxg5 35. Rxa4 Rd5 36. Ke4 Rd1 37. Rd4 Rc1 38. Kd3 Ka7 39. Rc4 Rh1 40. Kc3 b5 41. Rg4 Kb6 42. Kb2 Ka5 43. Rf4 Rh3 44. Kb1 b4 45. Rf1 Ka4 46. Rg1 Kb3 47. Rf1 Rg3 48. Re1 Kc3 49. Rh1 Re3 50. Rg1 Re2 51. Rh1 Rg2 52. Rh3+ Kc4 53. Rh4+ Kb5 54. Rh1 Ka4 55. Rf1 Kb3 56. Rh1 Rg3 57. Rf1 Ka3 58. Rh1 Rb3+ 59. Ka1 Rg3 60. Rf1 Kb3 61. Rh1 Kc2 62. Rf1 Ra3# 0-1

[Event "Titled Tuesday intern op 13th Oct"]
[Site "Chess.com INT"]
[Date "2020.10.13"]
[Round "8"]
[White "Kiseleva, Arina"]
[Black "Pashinsky, Mikhail"]
[Result "0-1"]
[WhiteElo "2024"]
[BlackElo "2245"]
[PlyCount "38"]
[EventDate "2020.10.13"]
[EventType "swiss (blitz)"]
[EventRounds "10"]
[EventCountry "USA"]
[SourceTitle "CBM 198 Extra"]
[Source "ChessBase"]
[SourceDate "2020.11.30"]
[SourceVersion "1"]
[SourceVersionDate "2020.11.30"]
[SourceQuality "1"]

1. d4 d6 2. Nf3 Bg4 3. c4 Bxf3 4. gxf3 Nd7 5. d5 g6 6. Be3 Bg7 7. Bd4 Ngf6 8. Nc3 0-0 9. Qd2 c5 10. Be3 Ne5 11. b3 a6 12. Bh6 Bxh6 13. Qxh6 b5 14. cxb5 axb5 15. Qd2 b4 16. Ne4 c4 17. Nxf6+ exf6 18. bxc4 Re8 19. Qf4 Nd3+ 0-1

[Event "Titled Tuesday intern op 13th Oct"]
[Site "Chess.com INT"]
[Date "2020.10.13"]
[Round "3"]
[White "Pashinsky, Mikhail"]
[Black "Stalmach, Richard"]
[Result "1-0"]
[WhiteElo "2245"]
[BlackElo "2296"]
[PlyCount "51"]
[EventDate "2020.10.13"]
[EventType "swiss (blitz)"]
[EventRounds "10"]
[EventCountry "USA"]
[SourceTitle "CBM 198 Extra"]
[Source "ChessBase"]
[SourceDate "2020.11.30"]
[SourceVersion "1"]
[SourceVersionDate "2020.11.30"]
[SourceQuality "1"]

1. e4 c5 2. Nc3 e6 3. Nge2 Nc6 4. g3 d5 5. exd5 exd5 6. Bg2 Nf6 7. d4 Be6 8. 0-0 Be7 9. dxc5 Bxc5 10. Bg5 0-0 11. Nf4 d4 12. Ne4 Be7 13. Nxe6 fxe6 14. Re1 Rc8 15. Qe2 Kh8 16. Nxf6 Bxf6 17. Bxf6 Qxf6 18. Rad1 e5 19. Rd2 Rce8 20. Be4 b6 21. a3 Nd8 22. Rd3 Ne6 23. Rf3 Qg5 24. h4 Qg4 25. Rxf8+ Rxf8 26. Qxg4 1-0

[Event "Titled Tuesday intern op 11th Aug"]
[Site "Chess.com INT"]
[Date "2020.08.11"]
[Round "4"]
[White "Pashinsky, Mikhail"]
[Black "Karavaeva, Olga"]
[Result "1-0"]
[WhiteElo "2245"]
[BlackElo "2260"]
[PlyCount "45"]
[EventDate "2020.08.11"]
[EventType "swiss (blitz)"]
[EventRounds "10"]
[EventCountry "USA"]
[SourceTitle "CBM 197 Extra"]
[Source "ChessBase"]
[SourceDate "2020.09.30"]
[SourceVersion "1"]
[SourceVersionDate "2020.09.30"]
[SourceQuality "1"]

1. e4 c5 2. Nc3 e6 3. Nge2 Nc6 4. g3 g6 5. d4 cxd4 6. Nxd4 d6 7. Bg2 a6 8. 0-0 Bg7 9. Be3 Nge7 10. f4 0-0 11. Qd2 Qc7 12. Rad1 Rd8 13. Nde2 b6 14. Qe1 Rb8 15. Qf2 b5 16. a3 b4 17. axb4 Nxb4 18. Rd2 Bb7 19. Bb6 Qc4 20. Bxd8 Rxd8 21. Rfd1 Bxe4 22. Bxe4 Qxe4 23. Nxe4 1-0

[Event "Chigorin Memorial 22nd"]
[Site "St Petersburg"]
[Date "2014.10.23"]
[Round "6"]
[White "Pashinsky, Mikhail"]
[Black "Stupak, Kirill"]
[Result "0-1"]
[WhiteElo "2190"]
[BlackElo "2545"]
[PlyCount "84"]
[EventDate "2014.10.18"]
[EventType "swiss"]
[EventRounds "9"]
[EventCountry "RUS"]
[SourceTitle "EXT 2015"]
[Source "ChessBase"]
[SourceDate "2014.11.20"]
[SourceVersion "1"]
[SourceVersionDate "2014.11.20"]
[SourceQuality "1"]

1. e4 c6 2. d4 d5 3. e5 Bf5 4. Nd2 e6 5. Nb3 Ne7 6. Nf3 h6 7. Be2 Nd7 8. 0-0 Nc8 9. a4 Be7 10. a5 a6 11. Be3 Na7 12. c3 Qc7 13. Ne1 c5 14. g4 Bh7 15. f4 Nc6 16. Nxc5 Nxc5 17. dxc5 Nxa5 18. Qa4+ Nc6 19. Bd3 0-0 20. Bxh7+ Kxh7 21. Nd3 Rad8 22. Bd4 f5 23. exf6 Bxf6 24. Rae1 Qd7 25. Kh1 Kg8 26. Bxf6 Rxf6 27. Qc2 Rdf8 28. Qe2 Qf7 29. Rg1 g5 30. fxg5 hxg5 31. Rg3 Qh7 32. Re3 Qg7 33. Rh3 e5 34. Rh5 Rg6 35. Nxe5 Re8 36. Qd3 Rxe5 37. Rxe5 Nxe5 38. Qxd5+ Nf7 39. Qxb7 Qe5 40. Rh3 Qe1+ 41. Kg2 Qe2+ 42. Kg1 Rf6 0-1

[Event "St Petersburg Summer rapid"]
[Site "St Petersburg"]
[Date "2014.08.30"]
[Round "2"]
[White "Pashinsky, Mikhail"]
[Black "Matlakov, Maxim"]
[Result "0-1"]
[WhiteElo "2254"]
[BlackElo "2685"]
[PlyCount "54"]
[EventDate "2014.08.30"]
[EventType "swiss (rapid)"]
[EventRounds "11"]
[EventCountry "RUS"]
[SourceTitle "CBM 162 Extra"]
[Source "ChessBase"]
[SourceDate "2014.10.17"]
[SourceVersion "1"]
[SourceVersionDate "2014.10.17"]
[SourceQuality "1"]

1. e4 c6 2. d4 d5 3. Nc3 dxe4 4. Nxe4 Bf5 5. Ng3 Bg6 6. N1e2 e6 7. Nf4 Bd6 8. h4 Nf6 9. h5 Bf5 10. Nxf5 exf5 11. Be2 0-0 12. 0-0 Nbd7 13. Qd3 Ne4 14. Bf3 Ndf6 15. g3 Re8 16. Re1 Qd7 17. Be3 Ng5 18. Bg2 h6 19. Rad1 Nge4 20. Bc1 Bxf4 21. Bxf4 Nxh5 22. Bc1 Nhf6 23. Bh3 h5 24. Bf4 g5 25. Be5 Ng4 26. Rxe4 fxe4 27. Qxe4 Rxe5 0-1

[Event "Chigorin Memorial 21st"]
[Site "St Petersburg"]
[Date "2013.10.11"]
[Round "7"]
[White "Pashinsky, Mikhail"]
[Black "Tkachev, Ivan"]
[Result "1/2-1/2"]
[WhiteElo "2273"]
[BlackElo "2156"]
[PlyCount "210"]
[EventDate "2013.10.05"]
[EventType "swiss"]
[EventRounds "9"]
[EventCountry "RUS"]
[SourceTitle "CBM 156 Extra"]
[Source "ChessBase"]
[SourceDate "2013.10.22"]
[SourceVersion "1"]
[SourceVersionDate "2013.10.22"]
[SourceQuality "1"]

1. Nf3 d5 2. g3 Nf6 3. Bg2 c6 4. 0-0 g6 5. b3 Bg7 6. Bb2 0-0 7. c4 Bg4 8. d3 Na6 9. Nbd2 Rc8 10. a3 Re8 11. Rc1 Nc7 12. b4 Ne4 13. Bxg7 Nxd2 14. Qxd2 Kxg7 15. Ne5 Be6 16. cxd5 cxd5 17. h4 f6 18. Nf3 Qd7 19. Nd4 Bf7 20. Kh2 e5 21. Bh3 Ne6 22. Nf3 Rxc1 23. Rxc1 Rc8 24. d4 e4 25. Bxe6 Bxe6 26. Rxc8 Qxc8 27. Ne1 Qc4 28. Kg2 Bg4 29. f3 Bf5 30. g4 Be6 31. Kf2 f5 32. gxf5 Bxf5 33. Ng2 exf3 34. exf3 Qc7 35. Qf4 Qc2+ 36. Kg3 Be6 37. Qe5+ Kf7 38. Nf4 Qf5 39. Qxf5+ gxf5 40. Ne2 Kf6 41. Nc3 b6 42. Kf4 h6 43. Nd1 a6 44. Nc3 Bf7 45. Nd1 Be6 46. Ne3 a5 47. bxa5 bxa5 48. h5 a4 49. Nc2 Bc8 50. Nb4 Bb7 51. Nd3 Ba6 52. Nb2 Bb5 53. Nd1 Bd7 54. Ne3 Be6 55. Nf1 Bf7 56. Ng3 Be6 57. Ne2 Bd7 58. Nc1 Bc6 59. Na2 Ba8 60. Nb4 Bb7 61. Nd3 Ba6 62. Nf2 Bb5 63. Kg3 Be8 64. Kh4 Bb5 65. Nd1 Bd7 66. Nc3 Bc6 67. Nd1 Bd7 68. Ne3 Ke6 69. Kg3 Be8 70. Kf4 Bxh5 71. Nxf5 Bxf3 72. Nxh6 Bh5 73. Kg5 Bd1 74. Nf5 Bc2 75. Ng3 Bd1 76. Nh1 Bc2 77. Nf2 Bf5 78. Nd1 Bc2 79. Nc3 Bb3 80. Ne2 Bc4 81. Nf4+ Kd6 82. Kf6 Bb5 83. Ng2 Bd3 84. Ne3 Be4 85. Nd1 Bc2 86. Ne3 Be4 87. Ng4 Bf3 88. Ne5 Bh5 89. Nf7+ Kc6 90. Ne5+ Kd6 91. Kg5 Be2 92. Kf4 Ke6 93. Ke3 Bb5 94. Kf4 Be2 95. Ng6 Bd3 96. Kg5 Be4 97. Nf4+ Kd6 98. Kf6 Bh7 99. Ng6 Bxg6 100. Kxg6 Kc6 101. Kf5 Kb5 102. Ke6 Kc4 103. Ke5 Kb3 104. Kxd5 Kxa3 105. Kc6 Kb2 1/2-1/2

[Event "Chigorin Memorial 21st"]
[Site "St Petersburg"]
[Date "2013.10.09"]
[Round "5"]
[White "Pashinsky, Mikhail"]
[Black "Martynyuk, Elizaveta"]
[Result "1-0"]
[WhiteElo "2273"]
[BlackElo "2032"]
[PlyCount "115"]
[EventDate "2013.10.05"]
[EventType "swiss"]
[EventRounds "9"]
[EventCountry "RUS"]
[SourceTitle "CBM 156 Extra"]
[Source "ChessBase"]
[SourceDate "2013.10.22"]
[SourceVersion "1"]
[SourceVersionDate "2013.10.22"]
[SourceQuality "1"]

1. Nf3 Nf6 2. c4 c6 3. g3 d5 4. b3 Bf5 5. Bg2 h6 6. 0-0 e6 7. Bb2 Be7 8. d3 0-0 9. Nbd2 Bh7 10. Rc1 a5 11. a3 Nbd7 12. Rc2 dxc4 13. bxc4 Nc5 14. Rc1 a4 15. Ne5 Nfd7 16. Nxd7 Qxd7 17. d4 Bf6 18. e3 Nd3 19. Rb1 Nxb2 20. Rxb2 e5 21. d5 e4 22. Rb1 cxd5 23. Nxe4 Qe7 24. Qxd5 Rad8 25. Rxb7 Bxe4 26. Bxe4 Rxd5 27. Rxe7 Rc5 28. Ra7 Rxc4 29. Bd5 Rc5 30. e4 Bb2 31. Rxa4 Rc3 32. Rb1 Bxa3 33. Rb7 Bc5 34. Rc4 Rxc4 35. Bxc4 g5 36. Kg2 Kg7 37. e5 Kg6 38. Bd3+ Kg7 39. Bc4 Kg6 40. f4 gxf4 41. gxf4 h5 42. Kf3 h4 43. Kg4 Be3 44. f5+ Kh6 45. Bxf7 Ra8 46. Bg6 Ra4+ 47. Kf3 Kg5 48. Rh7 Rf4+ 49. Kxe3 h3 50. Rxh3 Ra4 51. Rh5+ Kg4 52. h3+ Kg3 53. Rg5+ Kh2 54. e6 Ra3+ 55. Kf4 Rxh3 56. Rh5 Rxh5 57. Bxh5 Kg2 58. e7 1-0

[Event "Chigorin Memorial 21st"]
[Site "St Petersburg"]
[Date "2013.10.06"]
[Round "2"]
[White "Baron, Tal"]
[Black "Pashinsky, Mikhail"]
[Result "1-0"]
[WhiteElo "2473"]
[BlackElo "2273"]
[PlyCount "93"]
[EventDate "2013.10.05"]
[EventType "swiss"]
[EventRounds "9"]
[EventCountry "RUS"]
[SourceTitle "CBM 156 Extra"]
[Source "ChessBase"]
[SourceDate "2013.10.22"]
[SourceVersion "1"]
[SourceVersionDate "2013.10.22"]
[SourceQuality "1"]

1. d4 e6 2. c4 f5 3. g3 Nf6 4. Bg2 c6 5. Nf3 d5 6. 0-0 Bd6 7. Nc3 0-0 8. Qc2 b6 9. Bf4 Bxf4 10. gxf4 dxc4 11. e3 Nd5 12. Ne5 Bb7 13. Nxc4 Nd7 14. Nd6 Ba6 15. Rfc1 N7f6 16. Qa4 Qxd6 17. Qxa6 g5 18. Nxd5 cxd5 19. Qb7 gxf4 20. Rc6 Qb8 21. Qe7 Qe8 22. Rxe6 Qxe7 23. Rxe7 Rae8 24. Re5 fxe3 25. fxe3 Kg7 26. Rxf5 Rxe3 27. Raf1 Rd3 28. R5f4 Rd2 29. Bxd5 Rxb2 30. Bb3 h5 31. R1f3 Rd2 32. h3 a5 33. a4 Rb2 34. Be6 Rb4 35. Rg3+ Kh6 36. Bb3 Nh7 37. Bc2 Rf6 38. Rxf6+ Nxf6 39. Rg6+ Kh7 40. Rxf6+ Kg7 41. Rg6+ Kf7 42. d5 Rc4 43. Rc6 Rb4 44. Bg6+ Ke7 45. Bxh5 b5 46. d6+ Kd7 47. Ra6 1-0

[Event "St Petersburg Botvinnik Memorial op"]
[Site "St Petersburg"]
[Date "2012.09.02"]
[Round "9"]
[White "Gordievsky, Dmitry"]
[Black "Pashinsky, Mikhail"]
[Result "1/2-1/2"]
[WhiteElo "2437"]
[BlackElo "2220"]
[PlyCount "82"]
[EventDate "2012.08.25"]
[EventType "swiss"]
[EventRounds "9"]
[EventCountry "RUS"]
[SourceTitle "CBM 150 Extra"]
[Source "ChessBase"]
[SourceDate "2012.10.19"]
[SourceVersion "1"]
[SourceVersionDate "2012.10.19"]
[SourceQuality "1"]

1. d4 e6 2. c4 Bb4+ 3. Nc3 f5 4. g3 Nf6 5. Bg2 0-0 6. e3 d5 7. Nge2 c6 8. 0-0 Bd6 9. b3 Qe7 10. f3 dxc4 11. bxc4 e5 12. Qc2 Na6 13. Rb1 Qf7 14. c5 Bc7 15. Bd2 Rb8 16. Rb2 h6 17. Rfb1 g5 18. Qb3 Qxb3 19. Rxb3 f4 20. dxe5 Bxe5 21. exf4 gxf4 22. Bxf4 Bxf4 23. Nxf4 Nxc5 24. Rb4 Bf5 25. Ne4 Nfd7 26. Rc1 Bxe4 27. fxe4 b6 28. Rd4 Ne5 29. Rd6 Kh7 30. Rcd1 Rfe8 31. Nh5 Re6 32. Rxe6 Nxe6 33. Rd6 Nc5 34. Nf6+ Kg7 35. Nh5+ Kh7 36. Nf6+ Kh8 37. Nh5 Kh7 38. Nf6+ Kg7 39. Nh5+ Kh7 40. Nf6+ Kg7 41. Nh5+ Kh7 1/2-1/2

[Event "St Petersburg Botvinnik Memorial op"]
[Site "St Petersburg"]
[Date "2012.08.30"]
[Round "6"]
[White "Pashinsky, Mikhail"]
[Black "Tunik, Gennady"]
[Result "0-1"]
[WhiteElo "2220"]
[BlackElo "2456"]
[PlyCount "126"]
[EventDate "2012.08.25"]
[EventType "swiss"]
[EventRounds "9"]
[EventCountry "RUS"]
[SourceTitle "CBM 150 Extra"]
[Source "ChessBase"]
[SourceDate "2012.10.19"]
[SourceVersion "1"]
[SourceVersionDate "2012.10.19"]
[SourceQuality "1"]

1. e4 c5 2. Nc3 Nc6 3. Bb5 Nd4 4. Bc4 e6 5. Nf3 Nf6 6. 0-0 a6 7. e5 d5 8. exf6 dxc4 9. fxg7 Bxg7 10. d3 cxd3 11. Qxd3 Bd7 12. Nxd4 cxd4 13. Qg3 0-0 14. Ne4 Kh8 15. Bf4 Bc6 16. Rfe1 Qd5 17. Bd6 Rg8 18. Be7 Be5 19. Qh4 Rg6 20. c4 Qa5 21. Ng5 Rg7 22. Qh5 Kg8 23. Ne4 Bxe4 24. Rxe4 f5 25. Bb4 Qc7 26. Ree1 Qc6 27. g3 Bf6 28. b3 Rg6 29. Rad1 Kg7 30. Bd2 Re8 31. Bc1 Qd7 32. f4 b5 33. cxb5 axb5 34. Qf3 Rc8 35. Bb2 Kf7 36. Rd3 Rgg8 37. Qh5+ Kg7 38. Red1 Rgd8 39. R1d2 Qa7 40. g4 fxg4 41. Qxg4+ Kh8 42. Qxe6 Bg7 43. f5 Re8 44. Qd5 Qe7 45. Qf3 Bf6 46. Rd1 Rc2 47. Bxd4 Rxa2 48. Bxf6+ Qxf6 49. Kh1 Qh4 50. Qg3 Qe4+ 51. Qf3 Qe1+ 52. Qf1 Qh4 53. Rh3 Qe4+ 54. Qf3 Qe1+ 55. Qf1 Qe4+ 56. Rf3 Qc2 57. Qg1 Qe4 58. Rdf1 Rg8 59. Qe3 Rgg2 60. Qc3+ Kg8 61. Rg1 Rxg1+ 62. Kxg1 Kf7 63. Rg3 Qb1+ 0-1

[Event "St Petersburg Botvinnik Memorial op"]
[Site "St Petersburg"]
[Date "2012.08.26"]
[Round "2"]
[White "Pashinsky, Mikhail"]
[Black "Kalegin, Evgenij"]
[Result "0-1"]
[WhiteElo "2220"]
[BlackElo "2480"]
[PlyCount "106"]
[EventDate "2012.08.25"]
[EventType "swiss"]
[EventRounds "9"]
[EventCountry "RUS"]
[SourceTitle "CBM 150 Extra"]
[Source "ChessBase"]
[SourceDate "2012.10.19"]
[SourceVersion "1"]
[SourceVersionDate "2012.10.19"]
[SourceQuality "1"]

1. d4 Nf6 2. Nc3 d5 3. Bg5 c5 4. e3 e6 5. Nf3 Nc6 6. Bb5 a6 7. Bxc6+ bxc6 8. 0-0 cxd4 9. exd4 c5 10. Re1 Bb7 11. Na4 Rc8 12. dxc5 Bxc5 13. Nxc5 Rxc5 14. Qd4 Rc4 15. Qa7 Qa8 16. Qxa8+ Bxa8 17. c3 Ne4 18. Be3 f6 19. Nd2 Nxd2 20. Bxd2 Kf7 21. b3 Rc6 22. f3 g5 23. Kf2 Rg8 24. h3 h5 25. Rac1 e5 26. g3 Re6 27. h4 Kg6 28. Re2 gxh4 29. gxh4 Kf5 30. Rg1 Rxg1 31. Kxg1 d4 32. Kf2 Rd6 33. c4 Rd8 34. Re1 Rg8 35. b4 Bc6 36. Ra1 e4 37. fxe4+ Kxe4 38. b5 axb5 39. cxb5 Bxb5 40. Re1+ Kd3 41. Bf4 Rg4 42. Rd1+ Ke4 43. Bg3 d3 44. Bc7 Rxh4 45. Rb1 Bc4 46. Re1+ Kf5 47. a3 Rg4 48. Rh1 h4 49. Ke3 Re4+ 50. Kd2 Re2+ 51. Kc1 Rc2+ 52. Kd1 Bb3 53. Rf1+ Rf2+ 0-1

[Event "St Petersburg Autumn op"]
[Site "St Petersburg"]
[Date "2011.11.05"]
[Round "9"]
[White "Pimenov, Revolt"]
[Black "Pashinsky, Mikhail"]
[Result "0-1"]
[WhiteElo "2179"]
[BlackElo "2228"]
[PlyCount "54"]
[EventDate "2011.10.28"]
[EventType "swiss"]
[EventRounds "9"]
[EventCountry "RUS"]
[SourceTitle "EXT 2013"]
[Source "ChessBase"]
[SourceDate "2012.11.22"]
[SourceVersion "1"]
[SourceVersionDate "2012.11.22"]
[SourceQuality "1"]

1. Nf3 d6 2. e4 Nf6 3. Nc3 c5 4. Bc4 Nc6 5. Ng5 e6 6. f4 d5 7. exd5 exd5 8. Bb5 Bg4 9. Nf3 d4 10. Bxc6+ bxc6 11. Na4 Bd6 12. 0-0 0-0 13. h3 Bf5 14. d3 Qc7 15. Ne5 Rfe8 16. Qf3 Nd5 17. Bd2 f6 18. Nc4 Re7 19. g4 Bg6 20. Nxd6 Qxd6 21. Rae1 Rae8 22. Rxe7 Rxe7 23. c4 Ne3 24. Re1 Bxd3 25. Bxe3 dxe3 26. Rxe3 Qd4 27. Kf2 Bxc4 0-1

[Event "St Petersburg Autumn op"]
[Site "St Petersburg"]
[Date "2011.11.01"]
[Round "5"]
[White "Pashinsky, Mikhail"]
[Black "Klobukov, Alexey"]
[Result "1-0"]
[WhiteElo "2228"]
[BlackElo "2078"]
[PlyCount "130"]
[EventDate "2011.10.28"]
[EventType "swiss"]
[EventRounds "9"]
[EventCountry "RUS"]
[SourceTitle "EXT 2013"]
[Source "ChessBase"]
[SourceDate "2012.11.22"]
[SourceVersion "1"]
[SourceVersionDate "2012.11.22"]
[SourceQuality "1"]

1. e4 d6 2. d4 Nf6 3. Nc3 g6 4. f4 Bg7 5. Nf3 c5 6. Bb5+ Bd7 7. Bxd7+ Nfxd7 8. d5 b5 9. Nxb5 Qa5+ 10. Nc3 Bxc3+ 11. bxc3 Qxc3+ 12. Bd2 Qc4 13. Qe2 Qxe2+ 14. Kxe2 Nf6 15. Kd3 0-0 16. c4 Nbd7 17. Rhb1 Rfb8 18. Rb3 Nb6 19. Rab1 e6 20. Rb5 exd5 21. exd5 Re8 22. Re1 Rxe1 23. Bxe1 Re8 24. Ba5 Nc8 25. Rb8 Kf8 26. Nd2 Ne7 27. Rxe8+ Kxe8 28. Bc3 Nd7 29. Ne4 Nc8 30. g4 h6 31. Bg7 h5 32. gxh5 gxh5 33. Bf6 Kf8 34. h4 Ne7 35. Bxe7+ Kxe7 36. Ng3 Nf6 37. Kc3 Kd7 38. Kb3 Kc7 39. Ka4 Kb6 40. Kb3 Ka5 41. Ka3 Kb6 42. Ka4 Ka6 43. Nf5 Ne4 44. Kb3 Ka5 45. Kc2 Kb4 46. Kd3 Nf2+ 47. Ke3 Nd1+ 48. Kd2 Kxc4 49. Kxd1 Kxd5 50. Ng3 Kd4 51. Kd2 c4 52. Nxh5 Ke4 53. Kc3 Kf5 54. Kxc4 Kg4 55. Nf6+ Kxf4 56. Kd5 Kf5 57. Ne8 Kg4 58. Nxd6 Kxh4 59. Nxf7 Kg4 60. Ke4 Kh5 61. Kf5 Kh4 62. a4 Kg3 63. Ke4 Kf2 64. a5 Ke2 65. a6 Kd2 1-0

[Event "St Petersburg Autumn op"]
[Site "St Petersburg"]
[Date "2011.10.28"]
[Round "1"]
[White "Pashinsky, Mikhail"]
[Black "Zakharov, Yuri Vasilievich"]
[Result "0-1"]
[WhiteElo "2228"]
[BlackElo "1869"]
[PlyCount "90"]
[EventDate "2011.10.28"]
[EventType "swiss"]
[EventRounds "9"]
[EventCountry "RUS"]
[SourceTitle "EXT 2013"]
[Source "ChessBase"]
[SourceDate "2012.11.22"]
[SourceVersion "1"]
[SourceVersionDate "2012.11.22"]
[SourceQuality "1"]

1. e4 e5 2. Nf3 Nc6 3. Bb5 a6 4. Bxc6 dxc6 5. 0-0 Bg4 6. h3 h5 7. d3 Qf6 8. Nbd2 Bc5 9. Re1 Ne7 10. d4 Bxd4 11. hxg4 hxg4 12. Nxd4 Qh4 13. Kf1 exd4 14. g3 Qh5 15. b3 0-0-0 16. Bb2 d3 17. cxd3 Rxd3 18. Re3 Rxe3 19. fxe3 Qh3+ 20. Ke2 Qxg3 21. Qg1 Rh2+ 22. Kd3 Qd6+ 23. Bd4 g3 24. Nf1 Rh3 25. Qg2 Qd7 26. Nxg3 c5 27. Nf5 Rxe3+ 28. Kxe3 Nxf5+ 29. Kf4 Nxd4 30. Rh1 Ne6+ 31. Kf3 Qd3+ 32. Kg4 Qe3 33. Rh8+ Kd7 34. Kh4 Qf4+ 35. Qg4 Qh2+ 36. Qh3 g5+ 37. Kg4 Qf4+ 38. Kh5 Qxe4 39. Rh6 Ke7 40. Rxe6+ Qxe6 41. Qc3 Qg6+ 42. Kg4 b6 43. a4 a5 44. Kg3 Qe4 45. Qh8 Qh4+ 0-1

[Event "Chigorin Memorial 19th"]
[Site "St Petersburg"]
[Date "2011.10.20"]
[Round "7"]
[White "Androsov, Sergey"]
[Black "Pashinsky, Mikhail"]
[Result "0-1"]
[WhiteElo "2088"]
[BlackElo "2228"]
[PlyCount "94"]
[EventDate "2011.10.14"]
[EventType "swiss"]
[EventRounds "9"]
[EventCountry "RUS"]
[SourceTitle "CBM 144 Extra"]
[Source "ChessBase"]
[SourceDate "2011.10.28"]
[SourceVersion "1"]
[SourceVersionDate "2011.10.28"]
[SourceQuality "1"]

1. e4 c5 2. Nf3 Nc6 3. d4 cxd4 4. Nxd4 Nf6 5. Nc3 e5 6. Ndb5 d6 7. Bg5 a6 8. Na3 b5 9. Nd5 Be7 10. Bxf6 Bxf6 11. c3 0-0 12. Nc2 Bg5 13. Nce3 Be6 14. h4 Bxe3 15. Nxe3 Ne7 16. c4 Qb6 17. Nd5 Bxd5 18. cxd5 f5 19. Be2 fxe4 20. 0-0 e3 21. f3 Rf4 22. g3 Rd4 23. Qb3 Rd2 24. Rfe1 Rc8 25. Bd3 Qd4 26. Be4 e2+ 27. Kg2 Qxb2 28. Qxb2 Rxb2 29. Kf2 Rc5 30. Rac1 Rd2 31. Rxc5 dxc5 32. Rxe2 Rxe2+ 33. Kxe2 Nc8 34. Kd3 Nd6 35. Kc3 h6 36. Bd3 Kf7 37. g4 Ke7 38. Bc2 Nc8 39. a4 Nb6 40. axb5 axb5 41. Kd3 Kd6 42. Ke4 Nxd5 43. g5 c4 44. Kf5 Ne3+ 45. Kg6 Nxc2 46. Kxg7 Nd4 47. Kf6 Ne6 0-1